000 00707nam a22002417a 4500
003 OSt
005 20210421083528.0
008 201221s1985 ||||| |||| 00| 0 eng d
040 _aeng
_beng
_cDLC
041 _aeng
080 _a617.7
_bP-32
100 _9552
_aPaton, David
245 _aIntroduction to Ophthalmoscopy
_b: A Scope Publication
_c/ by: The Upjohn Company
250 _aReprint
260 _aKalamazoo, Michigan
_bThe Upjohn Company
_c1985
300 _a92 p.
_bill.
650 0 _9251
_aOphthalmology
653 _aოფთალმოლოგია
700 _9553
_aHyman, N. Barry
700 _9554
_aJustice, Johnny Jr.
700 _9555
_aThomas, A. Baird
_eEditor
942 _2udc
_cBK
999 _c727
_d727